| 000 | 00972pam a2200301 a 4500 | ||
|---|---|---|---|
| 999 |
_c2087 _d2087 |
||
| 001 | 2087 | ||
| 003 | BD-JhCC | ||
| 005 | 20220804134023.0 | ||
| 008 | 980317s1998 txua b 001 0 eng | ||
| 020 | _a1885167318 (hardcover) | ||
| 035 | _a(BD-JhCC)2087 | ||
| 040 |
_aDLC _cDLC _dDLC |
||
| 041 | _aeng | ||
| 050 | 0 | 0 |
_aBF637.S8 _bW528 1998 |
| 082 | 0 | 0 |
_a158.1 _221 _bWIL 1998 |
| 100 | 1 |
_aWilson, Larry, _d1930- |
|
| 245 | 1 | 0 |
_aPlay to win! : _bchoosing growth over fear in work and life / _cLarry Wilson, Hersch Wilson ; forword by Ken Blanchard. |
| 250 | _a1st ed. | ||
| 260 |
_aAustin, Tex. : _bBard Press, _cc1998. |
||
| 300 |
_axxiv, 251 p. : _bill. ; _c25 cm. |
||
| 504 | _aIncludes bibliographical references (p. [235]-238) and index. | ||
| 650 | 0 |
_aSuccess _xPsychological aspects. |
|
| 650 | 0 |
_aSuccess in business _xPsychological aspects. |
|
| 650 | 0 | _aSelf-management (Psychology) | |
| 700 | 1 | _aWilson, Hersch. | |
| 942 |
_2ddc _cBK _07 |
||